Nghiên cứu cân bằng nguồn nước và biện pháp quản lý hệ thống tưới Đồng Cam, tỉnh Phú Yên
Giới thiệu hệ thống thủy nông Đồng Cam; Điều kiện tự nhiên và dân sinh kinh tế; Hiện trạng hệ thống thủy nông Đồng Cam; Tổng quan vấn đề nghiên cứu và phân vùng tính toán; Tính toán lượng nước đến của hệ thống Sông Ba; Tính toán lượng nước cần; Tính toán cân bằng; Biện pháp quản lý hệ thống; Tính to...
में बचाया:
| मुख्य लेखक: | |
|---|---|
| अन्य लेखक: | |
| स्वरूप: | थीसिस पुस्तक |
| भाषा: | Vietnamese |
| प्रकाशित: |
Đà Nẵng :
Đại học Đà Nẵng,
1997.
|
| विषय: | |
| टैग : |
टैग जोड़ें
कोई टैग नहीं, इस रिकॉर्ड को टैग करने वाले पहले व्यक्ति बनें!
|
| Thư viện lưu trữ: | Mạng thư viện Đại học Đà Nẵng |
|---|
| LEADER | 02923cam a2200457 a 4500 | ||
|---|---|---|---|
| 001 | 000043636 | ||
| 003 | 1652 | ||
| 005 | 20230510142700.0 | ||
| 008 | 010217b1997 vm 000 vie | ||
| 040 | |a LRCC |c LRCC |d LRCC | ||
| 041 | 0 | |a vie | |
| 082 | 1 | 4 | |a 696.12 |b NG-T |
| 100 | 1 | |a Nguyễn Đăng Thạch. | |
| 245 | 1 | 0 | |a Nghiên cứu cân bằng nguồn nước và biện pháp quản lý hệ thống tưới Đồng Cam, tỉnh Phú Yên |h [Thesis-Luận văn] / |c Nguyễn Đăng Thạch thực hiện ; Nguyễn Quang Đoàn hướng dẫn. |
| 264 | 1 | |a Đà Nẵng : |b Đại học Đà Nẵng, |c 1997. | |
| 300 | |a 269 tr. : |b mh. ; |c 29cm. | ||
| 502 | 0 | |a Chuyên ngành: Thủy lợi |b Luận văn thạc sỹ khoa học kỹ thuật |o Mã số: 25-03-10 | |
| 520 | 3 | |a Giới thiệu hệ thống thủy nông Đồng Cam; Điều kiện tự nhiên và dân sinh kinh tế; Hiện trạng hệ thống thủy nông Đồng Cam; Tổng quan vấn đề nghiên cứu và phân vùng tính toán; Tính toán lượng nước đến của hệ thống Sông Ba; Tính toán lượng nước cần; Tính toán cân bằng; Biện pháp quản lý hệ thống; Tính toán kinh tế xây dựng; Kết luận và kiến nghị. | |
| 630 | 0 | 4 | |a Thuỷ lợi. |
| 630 | 0 | 4 | |a Hệ thống tưới. |
| 630 | 0 | 4 | |a Đồng Cam. |
| 650 | 0 | 4 | |a Thủy lợi |x Hệ thống tưới. |
| 700 | 1 | |a Nguyễn Quang Đoàn, |c PGS.PTS., |e hướng dẫn. | |
| 910 | |a DNTUAN | ||
| 911 | |a DUT | ||
| OWN | |a DUT | ||
| AVA | |a UDN50 |b DUT |c Internal Resources |d 696.12 NG-T |e available |t Error 5001 Not defined in file expand_doc_bib_avail. |f 1 |g 0 |h N |i 0 |j NS |k 1 | ||
| Z40 | 3 | |y Nghiên cứu cân bằng nguồn nước và biện pháp quản lý hệ thống tưới Đồng Cam, tỉnh Phú Yên (Toàn văn) |l Library of DUT |t VIEW |x http://catalog.udn.vn:80/F?func=service&doc_library=UDN01&local_base=UDN01&doc_number=000043636&sequence=000001&line_number=0001&func_code=DB_RECORDS&service_type=MEDIA |f 7.LV.43636.NguyenDangThach.TV_000023900.pdf |e pdf |s 062435780 |k 20230510 |m DNTUAN | |
| 999 | |a From the UDN01 | ||
| AVA | |a UDN50 |b DUT |c Internal Resources |d 696.12 NG-T |e available |t Error 5001 Not defined in file expand_doc_bib_avail. |f 1 |g 0 |h N |i 0 |j NS |k 1 | ||
| TYP | |a Mixed Materials | ||
| TYP | |a Dissertation | ||
| TYP | |a Monograph | ||
| TYP | |a Printed language | ||
| 856 | |y Nghiên cứu cân bằng nguồn nước và biện pháp quản lý hệ thống tưới Đồng Cam, tỉnh Phú Yên (Toàn văn) |l Library of DUT |t VIEW |x http://catalog.udn.vn:80/F?func=service&doc_library=UDN01&local_base=UDN01&doc_number=000043636&sequence=000001&line_number=0001&func_code=DB_RECORDS&service_type=MEDIA |f 7.LV.43636.NguyenDangThach.TV_000023900.pdf |e pdf |s 062435780 |k 20230510 |m DNTUAN | ||
| 980 | |a Mạng thư viện Đại học Đà Nẵng | ||